Books of the Bible - Matching Sets Quiz Stats

Quiz Updated Jul 12, 2013

Also try: Bible Pairs
Challenge
Share
Tweet
Score 0/9 Timer 06:00
2 Plays Today
% Correct
Gospels
97%
Wisdom/Poetry
80.8%
Pentateuch
80.8%
Major Prophets
68.5%
Minor Prophets
60.1%
Apocrypha
58.4%
Pauline Epistles
56.3%
Historical Books
51.8%
General Epistles
45%

You're not logged in!

Compare scores with friends on all Sporcle quizzes.
Join for Free
OR
Log In

You Might Also Like...

Show Comments

Extras

Top Quizzes Today


Score Distribution

Your Account Isn't Verified!

In order to create a playlist on Sporcle, you need to verify the email address you used during registration. Go to your Sporcle Settings to finish the process.

Report this User

Report this user for behavior that violates our Community Guidelines.

Details: